Southville International School and Colleges
Your cart is empty.
  • Cart
  • Lists
    Public lists Eva Luna New books Lux_list list_1
    Your lists Log in to create your own lists
  • Log in to your account
  • Your cookies
  • Search history
Southville International School and Colleges
  • Advanced search
  • Recent comments
  • Most popular
  • Libraries

Log in to your account

Log in with GOOGLE


If you do not have an external account, but do have a local account, you can still log in:

  1. Home
  2. MARC view: Touch and feel baby animals.
Normal view MARC view ISBD view

Touch and feel baby animals. (Record no. 115310)

[ view plain ]
MARC details
000 -LEADER
fixed length control field 00503nam a2200181 a 4500
005 - DATE AND TIME OF LATEST TRANSACTION
control field 20140414132136.0
008 - FIXED-LENGTH DATA ELEMENTS--GENERAL INFORMATION
fixed length control field 131210s19uu xx 00 eng d
020 ## - INTERNATIONAL STANDARD BOOK NUMBER
International Standard Book Number 9781423109808
050 ## - LIBRARY OF CONGRESS CALL NUMBER
Classification number TR
Item number Tou722 2008
245 ## - TITLE STATEMENT
Title Touch and feel baby animals.
260 ## - PUBLICATION, DISTRIBUTION, ETC. (IMPRINT)
Place of publication, distribution, etc New York :
Name of publisher, distributor, etc The Baby Einstein Company,
Date of publication, distribution, etc c2008.
300 ## - PHYSICAL DESCRIPTION
Extent 10
440 ## - SERIES STATEMENT/ADDED ENTRY--TITLE
Title Baby Einstein
500 ## - GENERAL NOTE
General note Approprite with ages 9 and up
650 ## - SUBJECT ADDED ENTRY--TOPICAL TERM
Topical term or geographic name as entry element Senses-
General subdivision touch-
-- feel
700 ## - ADDED ENTRY--PERSONAL NAME
Personal name Edited by Nadeem Zaidi
Holdings
Withdrawn status Lost status Damaged status Use restrictions Home library Current library Shelving location Date acquired Source of acquisition Total Checkouts Full call number Barcode Date last seen Price effective from Koha item type
        Munich Library Munich Library Teachers Reference Section 12/10/2013     TR Tou722 2008 M7332 04/14/2014 04/14/2014 Books

Touch and feel baby animals.

APA

Edited by Nadeem Zaidi, . (2008). Touch and feel baby animals. New York: The Baby Einstein Company.

Chicago

Edited by Nadeem Zaidi, . 2008. Touch and feel baby animals. New York: The Baby Einstein Company.

Harvard

Edited by Nadeem Zaidi, . (2008). Touch and feel baby animals. New York: The Baby Einstein Company.

MLA

Edited by Nadeem Zaidi, . Touch and feel baby animals. New York: The Baby Einstein Company. 2008.

  • Place hold
  • Print
  • Cite
  • Add to your cart (remove)
  • Save record
    BIBTEX Dublin Core MARCXML MARC (non-Unicode/MARC-8) MARC (Unicode/UTF-8) MARC (Unicode/UTF-8, Standard) MODS (XML) RIS
  • More searches
    Search for this title in:
    Other Libraries (WorldCat) Other Databases (Google Scholar) Online Stores (Bookfinder.com) Open Library (openlibrary.org)

Exporting to Dublin Core...

SOUTHVILLE LIBRARY

Southville International School and Colleges Library

1281 Tropical Ave. Cor. Luxembourg St., BF Homes International, Las Pinas City

Tel. No. 8256374 / 252358 Loc. 117/146

Powered by Koha